| 000 | 00521nam a2200181Ia 4500 | ||
|---|---|---|---|
| 999 |
_c12783 _d12783 |
||
| 003 | OSt | ||
| 005 | 20201005142440.0 | ||
| 008 | 190216s9999||||xx |||||||||||||| ||und|| | ||
| 040 | _coclc | ||
| 082 |
_a813.54 _bWAR/P |
||
| 100 |
_aWard, Eric _94766 |
||
| 245 | 4 |
_aThe President`s Daughter / _cEric Ward ; Ursula Russell |
|
| 260 |
_bSimon And Schuster, _c1973. |
||
| 300 | _a278p | ||
| 650 | _aEnglish Novel | ||
| 700 |
_94764 _aRussell Ursula |
||
| 942 |
_cBK _2ddc _h813.54 _iWAR/P _k813.54 _mWAR/P |
||